Issues of the day : 100 commentaries on climate, energy, the environment, transportation, and public health policy (Record no. 6038)

MARC details
000 -LEADER
fixed length control field 00620 a2200181 4500
001 - CONTROL NUMBER
control field 131573
003 - CONTROL NUMBER IDENTIFIER
control field OSt
005 - DATE AND TIME OF LATEST TRANSACTION
control field 20210915114914.0
008 - FIXED-LENGTH DATA ELEMENTS--GENERAL INFORMATION
fixed length control field
082 ## - DEWEY DECIMAL CLASSIFICATION NUMBER
Classification number 577
Item number P24I
245 1# - TITLE STATEMENT
Title Issues of the day : 100 commentaries on climate, energy, the environment, transportation, and public health policy
Statement of responsibility, etc edited by Ian W.H. Parry and Felicia Day
260 ## - PUBLICATION, DISTRIBUTION, ETC. (IMPRINT)
Place of publication, distribution, etc Washington
Name of publisher, distributor, etc Resource for the future
Date of publication, distribution, etc 2010
300 ## - PHYSICAL DESCRIPTION
Extent 218p.
690 ## - LOCAL SUBJECT ADDED ENTRY--TOPICAL TERM (OCLC, RLIN)
Topical term or geographic name as entry element Climatic changes; Energy policy; Environmental policy
700 ## - ADDED ENTRY--PERSONAL NAME
Personal name Parry, Ian W.H.
Relator term Editor
700 ## - ADDED ENTRY--PERSONAL NAME
Personal name Day, Felicia
Relator term Editor
942 ## - ADDED ENTRY ELEMENTS (KOHA)
Source of classification or shelving scheme Dewey Decimal Classification
Koha item type Books
Holdings
Withdrawn status Lost status Source of classification or shelving scheme Damaged status Not for loan Collection code Home library Current library Date acquired Source of acquisition Cost, normal purchase price Full call number Barcode Date last seen Price effective from Koha item type
    Dewey Decimal Classification     General Text Book Central University Of Rajasthan Central University Of Rajasthan 08/06/2012 ARC 24.99 577 P24I 7653 21/11/2024 02/09/2020 Books